| 000 | 00637nam a2200229Ia 4500 | ||
|---|---|---|---|
| 008 | 180523s9999 xx 000 0 und d | ||
| 020 | _a978-007-126200-2 | ||
| 050 | _aMAIN HF 5657.4 | ||
| 050 | _b.H55 2008 c.2 | ||
| 100 | _aHilton, Ronald W. | ||
| 245 | 0 | _aManagerial accounting : | |
| 245 | 0 | _bcreating value in a dynamic business environment / | |
| 245 | 0 | _cRonald W. Hilton. | |
| 250 | _a7th Edition | ||
| 260 | _aNew York : | ||
| 260 | _bMcGraw-Hill, | ||
| 260 | _c2008 | ||
| 300 | _a824 pages : | ||
| 300 | _c25 cm. | ||
| 500 | _aIncludes bibliographical references and index. | ||
| 650 | _aManagerial accounting. | ||
| 999 |
_c357196 _d357196 |
||